Mährischer Merkur : ein Adressenbuch aller in Mähren und Schlesien bestehenden Handlungen und Fabriken mit einem Kalender für das J. 1834 /

Další autoři: Rohrer, Rudolf, 1805-1839
Jazyk: Němčina
Vydáno: Brünn : R. Rohrer, 1834
Témata:
Externí odkaz: Digitalizovaný dokument
Fyzický popis: 205 s.
Knihy
Uloženo v:
LEADER 00880nam a22002291a 4500
001 000719430
003 CZ BrMZK
005 20120305134850.0
007 ta
008 040602s1834 xr e ger
015 |a cnb002174858 
040 |a BOA001  |b cze  |c BOA001 
245 0 0 |a Mährischer Merkur :  |b ein Adressenbuch aller in Mähren und Schlesien bestehenden Handlungen und Fabriken mit einem Kalender für das J. 1834 /  |c verf. und hrsg. von R. Rohrer 
260 |a Brünn :  |b R. Rohrer,  |c 1834 
300 |a 205 s. 
500 |a Dostupné též v digitalizované podobě v aplikaci Kramerius 
700 1 |a Rohrer, Rudolf,  |d 1805-1839  |7 jk01102608  |4 aut  |4 pbl 
856 4 1 |u http://www.digitalniknihovna.cz/mzk/uuid/uuid:f6c67dd7-62bd-11e1-8115-0050569d679d  |y Digitalizovaný dokument 
910 |a BOA001  |b 1-0035.653  |k r 
964 |a Moravika - stol. 19. 
990 |a BK 
991 |p NDK 2011/240